00431pab a2200145 454500008004000000100001800040245010100058260000900159300001300168362000800181650003500189700002400224700001900248773001800267180718b1997 xxu||||| |||| 00| 0 eng d aLee, Byungtae aDiscovery and representation of casual relationships in MIS research: a methodological framework c1997 ap.109-36 aMar aManagement information systems aWhinston, Andrew B. aBarua, Anitesh aMIS Quarterly